000 00303nam a22001217a 4500
003 OSt
008 150501b xxu||||| |||| 00| 0 eng d
041 _aeng
245 1 0 _aWorld Postal Stationery Catalog, A
260 _aPasadena, CA
_bHiggins & Gage, Inc.
300 _a0 pages
700 1 _aFladung, Edward G.
999 _c1366
_d1366